[Event "Superettan(En Passant-Manhem II)"]
[Site "?"]
[Date "2009.10.24"]
[Round "1"]
[White "Andersson, Goran"]
[Black "Unmack, Christian"]
[Result "0-1"]
[WhiteElo "2205"]
[BlackElo "2219"]
[PlyCount "92"]
[EventDate "2009.10.27"]
[SourceDate "2009.10.27"]

1. e4 e5 2. Nf3 Nc6 3. Bb5 Nf6 4. O-O Nxe4 5. d4 a6 6. Ba4 exd4 7. Re1 d5 8.
Nxd4 Bd6 9. Nxc6 Bxh2+ 10. Kh1 Qh4 11. Bg5 Qxg5 12. Qxd5 Qxd5 13. Nb4+ Kd8 14.
Nxd5 Nc5 15. Kxh2 Nxa4 16. b3 Nb6 17. Nbc3 Nxd5 18. Nxd5 a5 19. Rad1 Bd7 20. c4
Ra6 21. Re4 Be6 22. Nb6+ Ke8 23. Red4 Ke7 24. Nd5+ Bxd5 25. Rxd5 Rc8 26. Re1+
Kf6 27. Ree5 a4 28. b4 a3 29. c5 g6 30. Re3 Ra4 31. Rd4 g5 32. Kg3 h5 33. f4
Rg8 34. Kf2 Rg6 35. Rf3 g4 36. Rb3 Ke7 37. f5 Rg5 38. Re3+ Kf6 39. Rd7 Rxb4 40.
Rxc7 Rb2+ 41. Kg3 Rxf5 42. Ree7 Kg5 43. Rxb7 h4+ 44. Kh2 g3+ 45. Kh3 Rxb7 46.
Rxb7 Rf1 0-1

[Event "Superettan(En Passant-Manhem II)"]
[Site "?"]
[Date "2009.10.24"]
[Round "1"]
[White "Dahlin, Tomas"]
[Black "Lundstrom, Mattias"]
[Result "0-1"]
[WhiteElo "2150"]
[BlackElo "2119"]
[PlyCount "112"]

1. e4 c5 2. Nf3 d6 3. Bb5+ Bd7 4. Bxd7+ Qxd7 5. O-O Nc6 6. c3 d5 7. exd5 Qxd5
8. d4 Rd8 9. Qa4 cxd4 10. Nxd4 Qa5 11. Qxa5 Nxa5 12. Bf4 Nc4 13. b3 Nd6 14. Nd2
e6 15. N2f3 Nf6 16. c4 a6 17. Rfe1 Nde4 18. Bc7 Rc8 19. Ba5 Bc5 20. Red1 Ng4
21. Be1 e5 22. h3 Ngxf2 23. Bxf2 Nxf2 24. Kxf2 exd4 25. Re1+ Kd7 26. Rad1 Rcd8
27. Ke2 Rhe8+ 28. Kd3 Kc7 29. Rxe8 Rxe8 30. Re1 Re3+ 31. Rxe3 dxe3 32. Ne1 f5
33. Nc2 f4 34. Ke4 g5 35. h4 h6 36. hxg5 hxg5 37. b4 Be7 38. a3 Bf6 39. g3 Bc3
40. Kd3 Be5 41. gxf4 gxf4 42. Ne1 Kd6 43. Nf3 Ke6 44. Ke4 Bc3 45. Kd3 Bd2 46.
Ke4 Kd6 47. Nd4 Bc1 48. c5+ Kd7 49. a4 Ba3 50. Kxf4 Bxb4 51. Kxe3 Bxc5 52. Kd3
Bxd4 53. Kxd4 Kc6 54. Kc4 b6 55. Kd4 Kd6 56. Kc4 Ke5 0-1

[Event "Superettan(En Passant-Manhem II)"]
[Site "?"]
[Date "2009.10.24"]
[Round "1"]
[White "Pettersson, Anders"]
[Black "Carlsson, Christofer"]
[Result "0-1"]
[WhiteElo "2103"]
[BlackElo "2144"]
[PlyCount "58"]

1. d4 Nf6 2. c4 c5 3. d5 b5 4. cxb5 a6 5. Nc3 axb5 6. e4 b4 7. Nb5 d6 8. Bf4
Qb6 9. e5 Bd7 10. Nxd6+ exd6 11. exf6 gxf6 12. Bd3 Be7 13. Qf3 Bb5 14. Bf5 Nd7
15. Bxd7+ Kxd7 16. Ne2 Qa6 17. Ng3 Rhe8 18. Be3 b3 19. a3 Bd3 20. Ne4 Qc4 21.
Nc3 Bd8 22. Kd2 Ba5 23. Qxf6 Bg6 24. Rhd1 Re5 25. Rac1 Bh5 26. f3 Rae8 27. Qf4
Rxd5+ 28. Ke1 Qxf4 29. Kf2 Qxe3+ 0-1

[Event "Superettan(En Passant-Manhem II)"]
[Site "?"]
[Date "2009.10.24"]
[Round "1"]
[White "Mansson, Peter"]
[Black "Bergre, Joachim"]
[Result "1/2-1/2"]
[WhiteElo "2069"]
[BlackElo "2084"]
[PlyCount "121"]

1. e4 d6 2. d4 g6 3. Nc3 Bg7 4. Be3 a6 5. Qd2 b5 6. O-O-O Bb7 7. f3 Nd7 8. g4
Rc8 9. h4 h5 10. gxh5 Rxh5 11. Nge2 c5 12. Ng3 Rh8 13. h5 b4 14. Nce2 Qa5 15.
Kb1 Nb6 16. hxg6 fxg6 17. Rxh8 Bxh8 18. Nf4 cxd4 19. Bxd4 Bxd4 20. Qxd4 Qc5 21.
Qxc5 Rxc5 22. Ne6 Rc8 23. Bh3 Rb8 24. Ne2 Nd7 25. Rg1 Ne5 26. f4 Nc4 27. Rxg6
Nf6 28. Kc1 Bxe4 29. Rh6 Kf7 30. Ng3 d5 31. Nxe4 dxe4 32. Bf5 Nd6 33. Ng5+ Kg7
34. Rg6+ Kf8 35. Be6 Ke8 36. Rh6 Kd8 37. Kd2 Rb6 38. Ke3 Rc6 39. Rh2 Nc4+ 40.
Kd4 Nxb2 41. Rh8+ Kc7 42. Rc8+ Kb7 43. Rxc6 Kxc6 44. Nxe4 Nxe4 45. Kxe4 Kd6 46.
f5 Na4 47. Kd4 Nb6 48. Bg8 a5 49. Be6 Na4 50. Kc4 Kc6 51. Bf7 Nb6+ 52. Kd4 Kd6
53. Bb3 Nd7 54. Kc4 Ne5+ 55. Kb5 Nc6 56. Kb6 Nd4 57. Kxa5 Kc5 58. Ka4 Nxf5 59.
a3 bxa3 60. Kxa3 e5 61. c3 1/2-1/2

[Event "Superettan(En Passant-Manhem II)"]
[Site "?"]
[Date "2009.10.24"]
[Round "1"]
[White "Larsson, Dan"]
[Black "Johansson, Roland"]
[Result "1-0"]
[WhiteElo "2113"]
[BlackElo "2013"]
[PlyCount "135"]

1. e4 c5 2. Nf3 Nc6 3. d4 cxd4 4. Nxd4 e5 5. Nb5 a6 6. N5c3 Nf6 7. Be2 h6 8.
Be3 Qa5 9. O-O Bc5 10. Bxc5 Qxc5 11. Nd2 Nd4 12. Nb3 Nxe2+ 13. Qxe2 Qc6 14.
Rad1 O-O 15. Nd5 Nxd5 16. Rxd5 f6 17. Rfd1 b6 18. Rd6 Qc7 19. c3 Rf7 20. Qe3
Rb8 21. f3 a5 22. Qd3 Ra8 23. Qb5 Rb8 24. Na1 Qa7 25. Nc2 Ba6 26. Qd5 Bb7 27.
Qd3 Bc6 28. Ne3 b5 29. Kh1 Qc5 30. Nf5 Qf2 31. Qd2 Qxd2 32. R6xd2 Kh7 33. Ne3
g6 34. Rd6 Kg7 35. Kg1 h5 36. Kf2 Rb7 37. h3 Kf8 38. g4 hxg4 39. hxg4 Ke7 40.
Kg3 Rb8 41. Ng2 Rh8 42. Nh4 Rh6 43. g5 Rh5 44. gxf6+ Rxf6 45. Nxg6+ Kf7 46.
Rxf6+ Kxf6 47. Rd6+ Kf7 48. Kg4 Rh2 49. Nxe5+ Ke7 50. Rg6 Rxb2 51. Nxc6+ dxc6
52. Rxc6 Rxa2 53. Kf5 Rc2 54. f4 Kd7 55. Rb6 Rb2 56. e5 Kc7 57. Ra6 a4 58. c4
b4 59. Rxa4 Kc6 60. Ra8 Re2 61. Rc8+ Kb7 62. Rc5 Rb2 63. e6 Kb6 64. Rb5+ Kc6
65. Kf6 Kd6 66. e7 Re2 67. Rd5+ Kc7 68. Re5 1-0

[Event "Superettan(En Passant-Manhem II)"]
[Site "?"]
[Date "2009.10.24"]
[Round "1"]
[White "Akervall, Nils"]
[Black "Eriksson, Mats"]
[Result "0-1"]
[WhiteElo "1972"]
[BlackElo "2080"]
[PlyCount "52"]

1. g3 d5 2. Bg2 Nf6 3. d3 Bf5 4. Nd2 e6 5. Ngf3 h6 6. Ne5 Nbd7 7. Nxd7 Qxd7 8.
Nf3 Bd6 9. Bf4 O-O-O 10. Bxd6 Qxd6 11. Qd2 e5 12. O-O-O Rhe8 13. h3 Qa6 14. Kb1
Rd6 15. g4 Be6 16. Nh4 d4 17. a3 Rb6 18. Ka1 Nd5 19. Bxd5 Bxd5 20. Rhg1 Ree6
21. Rb1 Rec6 22. Nf5 Kd7 23. e4 Be6 24. Nxg7 Rc3 25. Qc1 Rxb2 26. Rxb2 Rxa3+
0-1

[Event "Superettan(En Passant-Manhem II)"]
[Site "?"]
[Date "2009.10.24"]
[Round "1"]
[White "Outgajjouft, Said"]
[Black "Karlsson, Anders"]
[Result "1-0"]
[WhiteElo "2091"]
[BlackElo "1918"]
[PlyCount "117"]

1. e4 c5 2. Nc3 Nc6 3. f4 d6 4. Bb5 Bd7 5. Nf3 Nf6 6. d3 g6 7. O-O Bg7 8. Bxc6
Bxc6 9. Qe1 Qd7 10. Rb1 Ng4 11. h3 Nh6 12. Bd2 f5 13. Qh4 Nf7 14. Nd5 Bxd5 15.
exd5 Bf6 16. Qf2 O-O 17. Ng5 Nxg5 18. fxg5 Be5 19. Rfe1 e6 20. dxe6 Qxe6 21.
Bf4 Qd5 22. c4 Qxd3 23. Bxe5 dxe5 24. Qxc5 Qd4+ 25. Qxd4 exd4 26. Rbd1 Rad8 27.
Re5 Rd7 28. Rd5 Rxd5 29. cxd5 Kf7 30. Rxd4 Ke7 31. Rb4 b6 32. Rc4 Kd6 33. Rc6+
Kd7 34. Rf6 Re8 35. Kf2 Re5 36. Rf7+ Kd6 37. Rxa7 Kxd5 38. Rxh7 Ke4 39. Rh4+
Kd3 40. Rb4 b5 41. Rb3+ Kd2 42. Kf3 Kc2 43. g4 Kd2 44. gxf5 Rxf5+ 45. Kg4 Ke2
46. h4 Rd5 47. Rb4 Rd1 48. Rxb5 Rg1+ 49. Kf4 Rf1+ 50. Ke4 Rh1 51. Ke5 Rxh4 52.
Kf6 Kd3 53. Kxg6 Kc4 54. a4 Kd3 55. b3 Rh1 56. Kg7 Kd4 57. g6 Rg1 58. Kf7 Rf1+
59. Kg8 1-0

[Event "Superettan(En Passant-Manhem II)"]
[Site "?"]
[Date "2009.10.24"]
[Round "1"]
[White "Sjofors, Holger"]
[Black "von Bromssen, Goran"]
[Result "0-1"]
[WhiteElo "1914"]
[BlackElo "2047"]
[PlyCount "110"]
[EventDate "2009.??.??"]

1. c4 Nf6 2. Nc3 e5 3. g3 c6 4. Bg2 Be7 5. d4 d6 6. dxe5 dxe5 7. Qxd8+ Bxd8 8.
Nf3 Nbd7 9. O-O O-O 10. Bg5 Re8 11. Rfd1 h6 12. Bxf6 Nxf6 13. b4 Bf5 14. Nd2 e4
15. e3 Bc7 16. Nb3 Be5 17. Nd4 Bg4 18. Rd2 Rad8 19. h3 Be6 20. Rad1 Bxc4 21.
Nxe4 Nxe4 22. Bxe4 g6 23. Bb1 Bf6 24. a3 a5 25. Nc2 axb4 26. Rxd8 Rxd8 27.
Rxd8+ Bxd8 28. Nxb4 Bf6 29. Nd3 Be7 30. Nb4 Kf8 31. Be4 Ke8 32. f4 Kd8 33. Kf2
Kc7 34. Ke1 Kb6 35. Kd2 Ka5 36. Kc3 Bb5 37. Bc2 Bf6+ 38. Kb3 Ba4+ 39. Ka2 Bb5
40. e4 Bd4 41. Bb3 f6 42. Be6 Bf1 43. Nc2 Bf2 44. e5 fxe5 45. fxe5 Bxg3 46. Ne3
Bd3 47. Bc8 Bxe5 48. Bxb7 Kb6 49. Bc8 Kc5 50. Kb3 Bd4 51. Ng4 h5 52. Nh2 Bc4+
53. Ka4 Bc3 54. Nf3 Be2 55. Ng5 Bd1# 0-1

[Event "Superettan(Rodeby-Orgryte)"]
[Site "?"]
[Date "2009.10.24"]
[Round "1"]
[White "Hultin, Johan"]
[Black "Svensson, Anders"]
[Result "1-0"]
[WhiteElo "2337"]
[BlackElo "2350"]
[PlyCount "57"]

1. d4 d5 2. c4 c6 3. Nf3 Nf6 4. Qc2 a6 5. Bf4 dxc4 6. Qxc4 Bf5 7. Nbd2 e6 8.
Qb3 b5 9. g3 Nbd7 10. Bg2 Rc8 11. a4 Qb6 12. O-O Be7 13. axb5 axb5 14. Qa2 O-O
15. Qa7 Rfd8 16. Ne5 Qxa7 17. Rxa7 Nxe5 18. Bxe5 Bb4 19. Nb3 c5 20. Bb7 c4 21.
Bxc8 Rxc8 22. Nc5 c3 23. bxc3 Bxc3 24. Rb7 b4 25. Rc1 Ng4 26. Na4 Nxe5 27. Rxb4
Ng4 28. Rxc3 Rd8 29. Rcb3 1-0

[Event "Superettan(Rodeby-Orgryte)"]
[Site "?"]
[Date "2009.10.24"]
[Round "1"]
[White "Ostling, Hakan"]
[Black "Ziegler, Ari"]
[Result "0-1"]
[WhiteElo "2178"]
[BlackElo "2403"]
[PlyCount "75"]

1. f4 g6 2. Nf3 Bg7 3. g3 d6 4. Bg2 c5 5. d3 Nc6 6. O-O e6 7. c3 Nge7 8. e4 O-O
9. Be3 b5 10. Nbd2 b4 11. Qc2 Ba6 12. Rfd1 bxc3 13. bxc3 Qa5 14. Rac1 Rfd8 15.
Bf2 Rab8 16. e5 Qa3 17. Nb3 Nd5 18. Nfd2 dxe5 19. Bxc5 Qa4 20. fxe5 Nxe5 21. c4
Nb4 22. Bxb4 Qxb4 23. d4 Ng4 24. Qe4 Nf6 25. Qh4 Rbc8 26. Rf1 Nd7 27. Ne4 h6
28. Qf4 Rf8 29. h4 Rxc4 30. Rxc4 Bxc4 31. Rd1 Bxb3 32. axb3 Qxb3 33. Nf2 Nf6
34. Qc7 Ng4 35. Rd3 Qb1+ 36. Rd1 Qf5 37. Nxg4 Qxg4 38. Ra1 0-1

[Event "Superettan(Rodeby-Orgryte)"]
[Site "?"]
[Date "2009.10.24"]
[Round "1"]
[White "Frisk Kockum, Anton"]
[Black "Greiff, Hakan"]
[Result "1/2-1/2"]
[WhiteElo "2324"]
[BlackElo "2292"]
[PlyCount "36"]

1. d4 d5 2. Nf3 e6 3. c4 Nf6 4. Nc3 Be7 5. Bg5 Nbd7 6. e3 O-O 7. Rc1 a6 8. cxd5
exd5 9. Bd3 c6 10. O-O Re8 11. Qc2 Nf8 12. Ne5 Ng4 13. Bxe7 Qxe7 14. Nxg4 Bxg4
15. Rce1 Rad8 16. Ne2 Bxe2 17. Rxe2 Rd6 18. g3 g6 1/2-1/2

[Event "Superettan(Rodeby-Orgryte)"]
[Site "?"]
[Date "2009.10.24"]
[Round "1"]
[White "Bernhardsson, Sten"]
[Black "Arnelind, Mikael"]
[Result "0-1"]
[WhiteElo "2071"]
[BlackElo "2245"]
[PlyCount "64"]

1. d4 Nf6 2. c4 e6 3. Nf3 b6 4. e3 Bb7 5. Be2 Bb4+ 6. Bd2 Be7 7. O-O O-O 8. Nc3
c5 9. Qc2 cxd4 10. exd4 d5 11. b3 Nc6 12. Rac1 dxc4 13. bxc4 Nxd4 14. Nxd4 Qxd4
15. Be3 Qe5 16. Rfe1 Rfd8 17. Bd3 Bd6 18. f4 Qh5 19. h3 Bc5 20. Bxc5 Qxc5+ 21.
Kh1 g6 22. Re5 Qf8 23. Rf1 Nd7 24. Rg5 Nc5 25. Be2 Qh6 26. Kg1 Rd4 27. Rg4 Rad8
28. Qc1 Rd2 29. Bf3 Bxf3 30. Rxf3 f5 31. Rgg3 Ne4 32. Nxe4 Rd1+ 0-1

[Event "Superettan(Rodeby-Orgryte)"]
[Site "?"]
[Date "2009.10.24"]
[Round "1"]
[White "Virolainen, Victor"]
[Black "Laksman, Efraim"]
[Result "1/2-1/2"]
[WhiteElo "2207"]
[BlackElo "2247"]
[PlyCount "81"]

1. d4 Nf6 2. c4 g6 3. Nc3 Bg7 4. e4 d6 5. Nf3 O-O 6. Be2 e5 7. O-O Nc6 8. d5
Ne7 9. Ne1 Ne8 10. Be3 f5 11. f3 f4 12. Bf2 Kh8 13. g4 Ng8 14. Ng2 h5 15. h3
Rf7 16. c5 Bf8 17. c6 b6 18. Ne1 a5 19. Nc2 Ba6 20. Bxa6 Rxa6 21. Be1 Rh7 22.
Qe2 Ra8 23. Qg2 Be7 24. Kf2 Bh4+ 25. Ke2 Bxe1 26. Raxe1 hxg4 27. hxg4 Nh6 28.
Rh1 Nf7 29. Rxh7+ Kxh7 30. Nb5 Kg7 31. a4 Qe7 32. Kd3 Nf6 33. Rh1 Rh8 34. Rxh8
Kxh8 35. Nc3 Kg7 36. Na3 Ne8 37. Nc4 Qh4 38. Ke2 Kf6 39. Nb5 Ke7 40. b3 Ng5 41.
Nd2 1/2-1/2

[Event "Superettan(Rodeby-Orgryte)"]
[Site "?"]
[Date "2009.10.24"]
[Round "1"]
[White "Eriksson, Bengt"]
[Black "Forsberg, Jan-Olof"]
[Result "1-0"]
[WhiteElo "2009"]
[BlackElo "2158"]
[PlyCount "39"]

1. c4 e5 2. Nc3 Nf6 3. g3 Bb4 4. Bg2 Bxc3 5. bxc3 O-O 6. d4 exd4 7. cxd4 d6 8.
e3 Nc6 9. Ne2 Bf5 10. Ba3 Re8 11. Nc3 Ne4 12. Nxe4 Bxe4 13. Bxe4 Rxe4 14. Qc2
Qe7 15. O-O Re8 16. Rab1 b6 17. Kg2 Qf6 18. Bb2 Qg6 19. Qa4 Ne7 20. Qxe8# 1-0

[Event "Superettan(Rodeby-Orgryte)"]
[Site "?"]
[Date "2009.10.24"]
[Round "1"]
[White "Eksmyr, Johan"]
[Black "Dolgov, Mikhail"]
[Result "0-1"]
[WhiteElo "2149"]
[BlackElo "2040"]
[PlyCount "122"]

1. d4 d5 2. Bg5 Nf6 3. Bxf6 exf6 4. e3 Bf5 5. Bd3 Qd7 6. Ne2 Nc6 7. a3 g6 8. b3
Bg7 9. O-O O-O 10. c4 Bxd3 11. Qxd3 f5 12. Nbc3 dxc4 13. bxc4 Rfd8 14. Rab1 Ne5
15. Qc2 Nxc4 16. Rxb7 Nxa3 17. Qa4 Qxa4 18. Nxa4 c6 19. Rc1 Rdc8 20. Nc5 Rcb8
21. Rc7 Rc8 22. Rd7 Rd8 23. Rxd8+ Rxd8 24. Na6 Rc8 25. g3 Bf8 26. Nf4 Bd6 27.
Nd3 Kf8 28. Ndb4 Ke8 29. Nxc6 Kd7 30. d5 Nb5 31. f3 Nc7 32. Nab8+ Ke8 33. e4
Nxd5 34. exd5 Bxb8 35. Re1+ Kf8 36. Ra1 Bd6 37. Ra5 Ra8 38. Kf1 a6 39. Ke2 Ke8
40. Kd3 Kd7 41. f4 f6 42. Ra2 Bc7 43. Kc4 a5 44. Ra4 Re8 45. Nd4 Re4 46. Kb5 h5
47. Rc4 h4 48. Ne6 Rxc4 49. Kxc4 hxg3 50. hxg3 Bd6 51. Nd4 Bb4 52. Nc2 Kd6 53.
Ne3 Be1 54. g4 fxg4 55. Nxg4 Ke7 56. d6+ Kxd6 57. Nxf6 Ke6 58. Ng4 Kf5 59. Ne3+
Ke4 60. f5 gxf5 61. Ng2 Bf2 0-1

[Event "Superettan(Rodeby-Orgryte)"]
[Site "?"]
[Date "2009.10.24"]
[Round "1"]
[White "Lennerstad, Hakan"]
[Black "Anderzen, Robert"]
[Result "1/2-1/2"]
[WhiteElo "1800"]
[BlackElo "1711"]
[PlyCount "58"]

1. Nf3 Nf6 2. g3 g6 3. Bg2 Bg7 4. O-O O-O 5. d4 d6 6. c4 Nc6 7. Nc3 a6 8. d5
Na5 9. Qd3 c5 10. e4 Ng4 11. h3 Ne5 12. Nxe5 dxe5 13. Be3 b6 14. Rad1 Nb7 15.
Kh2 Nd6 16. f4 f5 17. fxe5 Bxe5 18. Bh6 Rf7 19. Qe2 fxe4 20. Nxe4 Rxf1 21. Rxf1
Nf5 22. Bf4 Bxf4 23. Rxf4 Ra7 24. b3 e6 25. Nc3 exd5 26. Bxd5+ Kh8 27. Qe5+ Ng7
28. Ne4 Re7 29. Qf6 Re8 1/2-1/2

[Event "Superettan(SodraSASS-Horndal)"]
[Site "?"]
[Date "2009.10.24"]
[Round "1"]
[White "Olsson, Krister"]
[Black "Furhoff, Johan"]
[Result "1-0"]
[WhiteElo "2324"]
[BlackElo "2411"]
[PlyCount "39"]
[SourceDate "2009.10.28"]

1. d4 d5 2. c4 Nc6 3. cxd5 Qxd5 4. e3 e5 5. Nc3 Bb4 6. Bd2 Bxc3 7. Bxc3 exd4 8.
Ne2 Bg4 9. f3 Nf6 10. Nxd4 O-O-O 11. fxg4 Rhe8 12. Qf3 Nxd4 13. Qxd5 Nc2+ 14.
Kd2 Nxa1 15. Qd3 c5 16. Bxf6 gxf6 17. Kc3 b5 18. Qf5+ Kb7 19. Qf3+ Kb6 20. Bxb5
1-0

[Event "Superettan(SodraSASS-Horndal)"]
[Site "?"]
[Date "2009.10.24"]
[Round "1"]
[White "Sjoberg, Mats"]
[Black "Angskog, Kent"]
[Result "1/2-1/2"]
[WhiteElo "2358"]
[BlackElo "2214"]
[PlyCount "88"]

1. d4 g6 2. g3 Bg7 3. Bg2 d6 4. Nf3 e5 5. dxe5 dxe5 6. Qxd8+ Kxd8 7. Nbd2 Nc6
8. c3 h6 9. Nb3 Nge7 10. Be3 b6 11. O-O-O+ Ke8 12. Ne1 a5 13. Nc2 Ba6 14. Rhe1
Rd8 15. f4 Rxd1+ 16. Kxd1 f5 17. Bf2 Kf7 18. e4 a4 19. Nd2 Rd8 20. exf5 gxf5
21. Kc1 e4 22. Na3 Nd5 23. Bf1 Bxf1 24. Nxf1 h5 25. Nb5 Na5 26. Rd1 Bf6 27.
Nxc7 Nxc7 28. Bxb6 Nc4 29. Bxc7 Rc8 30. Rd7+ Ke6 31. Rh7 e3 32. Kd1 Nxb2+ 33.
Ke2 Nc4 34. Nxe3 Nxe3 35. Kxe3 Bxc3 36. Rh6+ Kd5 37. Rd6+ Kc5 38. Rd3 Re8+ 39.
Kf3 Kc4 40. Re3 Rxe3+ 41. Kxe3 Bd4+ 42. Kf3 Kd3 43. Be5 Bc5 44. h3 Kc2 1/2-1/2

[Event "Superettan(SodraSASS-Horndal)"]
[Site "?"]
[Date "2009.10.24"]
[Round "1"]
[White "Vaarala, Eric"]
[Black "Winge, Stefan"]
[Result "1-0"]
[WhiteElo "2178"]
[BlackElo "2315"]
[PlyCount "77"]

1. e4 c5 2. Nf3 e6 3. d4 cxd4 4. Nxd4 a6 5. c4 Nf6 6. Nc3 Bb4 7. e5 Ne4 8. Bd2
Bxc3 9. bxc3 Nxd2 10. Qxd2 d6 11. exd6 Qxd6 12. Be2 O-O 13. O-O e5 14. Nf3 Qc7
15. Rfd1 Nc6 16. Qe3 Bd7 17. Ng5 h6 18. Qd2 hxg5 19. Qxd7 Rac8 20. Qf5 Na5 21.
Rd7 g6 22. Qh3 Qb6 23. Rad1 Nxc4 24. Bf3 Rc7 25. Rd8 Qf6 26. R8d7 Rxd7 27. Qxd7
b5 28. h3 e4 29. Bxe4 Qxc3 30. Qc6 Qe5 31. Bd5 Nb2 32. Rb1 Rd8 33. Qxg6+ Qg7
34. Bxf7+ Kf8 35. Qxa6 Rd2 36. Bb3 Nd3 37. Qc8+ Ke7 38. Qc7+ Kf8 39. Qd8# 1-0

[Event "Superettan(SodraSASS-Horndal)"]
[Site "?"]
[Date "2009.10.24"]
[Round "1"]
[White "Holmqvist, Gunnar"]
[Black "Becker, Johnny"]
[Result "1-0"]
[WhiteElo "2249"]
[BlackElo "2212"]
[PlyCount "89"]

1. Nf3 g6 2. d4 Bg7 3. g3 d6 4. Bg2 Nd7 5. c4 c6 6. Nc3 Qc7 7. O-O Ngf6 8. d5
O-O 9. Rb1 Nb6 10. Nd2 Bd7 11. e4 Rac8 12. b3 cxd5 13. exd5 a6 14. Bb2 Bf5 15.
Nce4 Nbd7 16. Rc1 Nxe4 17. Bxg7 Kxg7 18. Bxe4 Bh3 19. Bg2 Bxg2 20. Kxg2 Nf6 21.
Re1 Rfe8 22. Ne4 Nxe4 23. Rxe4 Qd7 24. Qd4+ Kg8 25. Rce1 Rc7 26. h4 Qf5 27. g4
Qd7 28. h5 e5 29. dxe6 fxe6 30. hxg6 hxg6 31. Rd1 Rc6 32. Re3 Qg7 33. Qe4 e5
34. Rh3 Rf8 35. Rdh1 Rf7 36. Rh6 d5 37. Qxd5 Rcf6 38. f3 Rxf3 39. Rh8+ Qxh8 40.
Rxh8+ Kxh8 41. Qxf3 Rxf3 42. Kxf3 Kg7 43. g5 Kf7 44. Ke4 Ke6 45. c5 1-0

[Event "Superettan(SodraSASS-Horndal)"]
[Site "?"]
[Date "2009.10.24"]
[Round "1"]
[White "Bengts, Torleif"]
[Black "Adler, Bo"]
[Result "0-1"]
[WhiteElo "2200"]
[BlackElo "2221"]
[PlyCount "64"]

1. e4 e5 2. Nf3 Nc6 3. Bb5 a6 4. Ba4 d6 5. c3 f5 6. d4 fxe4 7. Ng5 Be7 8. Nxe4
Nf6 9. Nxf6+ Bxf6 10. d5 b5 11. Bc2 Ne7 12. a4 Rb8 13. g4 Ng6 14. Be4 Bg5 15.
Nd2 Qf6 16. h3 O-O 17. Nf3 Bxc1 18. Qxc1 Nh4 19. Nxh4 Qxf2+ 20. Kd1 Qxh4 21.
axb5 Bxg4+ 22. Kc2 Bd1+ 23. Qxd1 Qxe4+ 24. Kc1 Rf2 25. Rxa6 Qe3+ 26. Kb1 Rxb2+
27. Kxb2 Rxb5+ 28. Ka2 Qf2+ 29. Ka3 Qc5+ 30. Ka2 Qc4+ 31. Ka1 Qxc3+ 32. Ka2
Qb2# 0-1

[Event "Superettan(SodraSASS-Horndal)"]
[Site "?"]
[Date "2009.10.24"]
[Round "1"]
[White "Werner, Lennart"]
[Black "Wiker, Bo"]
[Result "1-0"]
[WhiteElo "2206"]
[BlackElo "2053"]
[PlyCount "53"]

1. c4 Nf6 2. Nf3 g6 3. g3 Bg7 4. Bg2 O-O 5. O-O d6 6. Nc3 e5 7. d3 h6 8. Rb1 a5
9. a3 Be6 10. b4 axb4 11. axb4 Nbd7 12. Ne1 c6 13. b5 d5 14. bxc6 bxc6 15. cxd5
cxd5 16. Rb5 Ra5 17. Rxa5 Qxa5 18. Bd2 Qa6 19. Nc2 Rb8 20. Qa1 Qxa1 21. Rxa1
Rb2 22. Ra2 Rxa2 23. Nxa2 e4 24. Nab4 Nc5 25. Be3 Bf8 26. Bd4 Be7 27. Nc6 1-0

[Event "Superettan(SodraSASS-Horndal)"]
[Site "?"]
[Date "2009.10.24"]
[Round "1"]
[White "Eriksson, Magnus"]
[Black "Johansson, Per"]
[Result "1/2-1/2"]
[WhiteElo "2095"]
[BlackElo "2025"]
[PlyCount "34"]

1. d4 d5 2. c4 c6 3. Nc3 Nf6 4. Nf3 dxc4 5. a4 Bf5 6. Ne5 Nbd7 7. Nxc4 Qc7 8.
g3 e5 9. Bg2 Rd8 10. O-O Be6 11. b3 Be7 12. e3 O-O 13. Qc2 exd4 14. exd4 Nb6
15. Bf4 Qc8 16. Nxb6 axb6 17. Rad1 Nd5 1/2-1/2

[Event "Superettan(SodraSASS-Horndal)"]
[Site "?"]
[Date "2009.10.24"]
[Round "1"]
[White "Nordenstrom, Sven"]
[Black "Nyholm, Torbjorn"]
[Result "0-1"]
[WhiteElo "1977"]
[BlackElo "1973"]
[PlyCount "30"]

1. d4 Nf6 2. c4 c5 3. d5 b5 4. cxb5 a6 5. b6 Qxb6 6. Nc3 g6 7. Nf3 Bg7 8. e4 d6
9. h3 O-O 10. Bc4 Qb4 11. Qb3 a5 12. Nd2 Ba6 13. Qxb4 cxb4 14. Bxa6 bxc3 15.
bxc3 Nxa6 0-1

[Event "Superettan(Rockaden,Sthlm II-Mark)"]
[Site "?"]
[Date "2009.10.24"]
[Round "1"]
[White "Abdollahzadeh, Arash"]
[Black "Hanninger, Simon"]
[Result "1/2-1/2"]
[WhiteElo "2300"]
[BlackElo "2294"]
[PlyCount "188"]

1. f4 c5 2. Nf3 Nc6 3. g3 g6 4. Bg2 Bg7 5. O-O d6 6. d3 e5 7. e4 Nge7 8. c4 O-O
9. Nc3 Bg4 10. h3 Bxf3 11. Bxf3 exf4 12. Bxf4 Nd4 13. Qd2 Rb8 14. Rae1 Be5 15.
Bg2 f6 16. g4 Ne6 17. Bh6 Rf7 18. h4 Bg3 19. Re3 Bxh4 20. Nd5 Bg5 21. Bxg5 Nxd5
22. exd5 Nxg5 23. Rfe1 Qd7 24. Re6 Qc7 25. R1e3 Rbf8 26. Re8 Rxe8 27. Rxe8+ Kg7
28. Qe1 Rd7 29. b4 b6 30. bxc5 Qxc5+ 31. Kh1 Qc7 32. Re2 Nf7 33. Qh4 Re7 34.
Be4 Ng5 35. Qe1 Qd7 36. Bg2 Rxe2 37. Qxe2 Kf7 38. d4 Qe7 39. Qf2 Qd7 40. c5
bxc5 41. dxc5 dxc5 42. Qxc5 Kg7 43. Qd4 Nf7 44. a4 Qe7 45. Qd2 Qc5 46. a5 Qa3
47. Qe1 Qa4 48. Bf3 Ne5 49. g5 Qf4 50. gxf6+ Qxf6 51. Bg2 Nf3 52. Bxf3 Qxf3+
53. Kg1 Qxd5 54. Qe7+ Qf7 55. Qe5+ Kh6 56. Qh2+ Kg5 57. Qe5+ Kg4 58. Qd4+ Kg3
59. Qc3+ Qf3 60. Qc7+ Qf4 61. Qc3+ Kh4 62. Qg7 Qe3+ 63. Kg2 Qe2+ 64. Kg1 Qe1+
65. Kg2 Qe2+ 66. Kg1 Qe3+ 67. Kh2 Qf2+ 68. Kh1 Kg3 69. Qe5+ Qf4 70. Qe1+ Kh3
71. Qc3+ Qg3 72. Qc8+ Qg4 73. Qc3+ Kh4 74. Qe1+ Kh5 75. Qe5+ g5 76. Qg7 Qd1+
77. Kg2 Qe2+ 78. Kg1 Qe3+ 79. Kg2 Qd2+ 80. Kg1 Qxa5 81. Qxh7+ Kg4 82. Qe4+ Kg3
83. Qg2+ Kh4 84. Qe4+ g4 85. Qe7+ Qg5 86. Qh7+ Kg3 87. Qh2+ Kf3 88. Qg2+ Ke3
89. Qf2+ Kd3 90. Qxa7 Qe3+ 91. Qxe3+ Kxe3 92. Kg2 Kf4 93. Kf2 g3+ 94. Kg2 Kg4
1/2-1/2

[Event "Superettan(Rockaden,Sthlm II-Mark)"]
[Site "?"]
[Date "2009.10.24"]
[Round "1"]
[White "Westerberg, Jonathan"]
[Black "Mohammadi, Amir"]
[Result "1/2-1/2"]
[WhiteElo "2220"]
[BlackElo "2328"]
[PlyCount "92"]

1. e4 c5 2. Nf3 e6 3. d4 cxd4 4. Nxd4 Nf6 5. Nc3 d6 6. Be2 Be7 7. O-O O-O 8. f4
a6 9. Bf3 Qc7 10. Be3 Nc6 11. Qd2 Bd7 12. Rad1 Rac8 13. Nxc6 Bxc6 14. g4 b5 15.
g5 b4 16. gxf6 bxc3 17. Qxc3 Bxf6 18. Qb4 Rb8 19. Qxd6 Qb7 20. b3 Rfd8 21. Qc5
Bxe4 22. Qh5 g6 23. Qh3 Rxd1 24. Bxd1 Rc8 25. c4 Rd8 26. Be2 a5 27. Rd1 Rxd1+
28. Bxd1 Qb4 29. Qf1 Bb1 30. Qe2 Bxa2 31. Qd2 Qa3 32. c5 Bxb3 33. Qd3 a4 34. c6
Qe7 35. Bxb3 axb3 36. Qxb3 Qc7 37. Qb7 Bd8 38. Bd4 Qxf4 39. Qd7 Qg4+ 40. Kf1
Qd1+ 41. Kf2 Qd2+ 42. Kf1 Qf4+ 43. Kg1 Qg5+ 44. Kf1 Qf5+ 45. Kg1 Qg4+ 46. Kf1
Qd1+ 1/2-1/2

[Event "Superettan(Rockaden,Sthlm II-Mark)"]
[Site "?"]
[Date "2009.10.24"]
[Round "1"]
[White "Svensson, Sven"]
[Black "Sandbom, Jonas"]
[Result "1-0"]
[WhiteElo "2291"]
[BlackElo "2214"]
[PlyCount "53"]

1. d4 d5 2. c4 e6 3. Nc3 Nf6 4. cxd5 Nxd5 5. Nf3 c5 6. e3 Nc6 7. Bc4 cxd4 8.
exd4 Be7 9. O-O O-O 10. Re1 Nxc3 11. bxc3 Qa5 12. Bd2 b6 13. Qe2 Bb7 14. Rab1
Rac8 15. Rb5 Qa3 16. Rh5 g6 17. Rh3 Bf6 18. Ng5 h5 19. Rxh5 Qe7 20. Qg4 Nd8 21.
Rh7 Rxc4 22. Qh4 Bxg5 23. Rh8+ Kg7 24. Qh7+ Kf6 25. Bxg5+ Kxg5 26. Qh4+ Kf5 27.
Re5# 1-0

[Event "Superettan(Rockaden,Sthlm II-Mark)"]
[Site "?"]
[Date "2009.10.24"]
[Round "1"]
[White "Backman, Michael"]
[Black "Sixtensson, Mikael"]
[Result "0-1"]
[WhiteElo "2182"]
[BlackElo "2261"]
[PlyCount "106"]

1. d4 g6 2. e4 c5 3. dxc5 Qa5+ 4. Bd2 Qxc5 5. Bc3 Nf6 6. Bxf6 exf6 7. Nc3 Nc6
8. Nd5 Qd6 9. c3 Bg7 10. Nf3 O-O 11. Be2 Re8 12. Nd2 b5 13. O-O f5 14. Bxb5 Rb8
15. Nc4 Qf8 16. Nc7 Rxe4 17. Nd6 Be5 18. Nxe4 fxe4 19. Bxc6 dxc6 20. Nd5 cxd5
21. Qxd5 Qe7 22. Rfd1 Bb7 23. Qb5 a6 24. Qd7 Qxd7 25. Rxd7 Bc6 26. Ra7 Bb5 27.
Rc1 Rd8 28. g3 Bd3 29. b3 Bd6 30. c4 Bc5 31. Rc7 Bd4 32. Kg2 e3 33. fxe3 Bxe3
34. Re1 Bg5 35. h4 Bf6 36. Rc6 Bc3 37. Re7 f5 38. Rxa6 Be4+ 39. Kf2 Bb4 40. Rc7
Bc3 41. c5 Bd4+ 42. Ke1 Be5 43. Rca7 Bxg3+ 44. Ke2 f4 45. Rf6 Rf8 46. Rxf8+
Kxf8 47. Rd7 f3+ 48. Kf1 Bc6 49. Rd2 Bb5+ 50. Kg1 Bxh4 51. a4 f2+ 52. Rxf2+
Bxf2+ 53. Kxf2 Bc6 0-1